Dvor

Bibliographic Details
Main Author: Strážay, Štefan, 1940- (Author)
Other Authors: Valach, Ján (Illustrator)
Format: Book
Language:Slovak
PhysicalDescription:73 s. ilustr. 19 cm
Published: Bratislava Smena 1981
Edition:1. vyd.
Series:Erb
Subjects:

MARC

LEADER 00000cam a2200000 a 4500
001 vtls001096867
003 SK-MaSNL
005 20260421145029.0
008 250414s1981 xo a gr 0000p slo
015 |a SNBA1981/04 
020 |q (viaz.) 
035 |a SNK000039709 
040 |a SNK  |b slo  |c SNK  |e AACR2 
041 0 |a slo 
044 |a xo  |c SK 
072 7 |a 821.162.4-1   |x Slovenská poézia    |2 konspekt 
080 |a 885.4-1  |2 1981 
080 |a 821.162.4-1  |2 2011 
080 |a 82‑14   |2 2011  
080 |a (0:82-14)   |2 2001  
100 1 |a Strážay, Štefan,  |d 1940-  |4 aut  |9 113041 
245 1 0 |a Dvor  |c Štefan Strážay ; [ilustroval Ján Valach] 
250 |a 1. vyd. 
260 |a Bratislava  |b Smena  |c 1981 
300 |a 73 s.  |b ilustr.  |c 19 cm 
366 |e 2700 kusov 
490 1 |a Erb  |v zv. 16 
655 7 |a slovenská poézia  |2 SNKPH  |9 70444 
655 7 |a lyrická poézia  |2 SNKPH  |9 70613 
700 1 |a Valach, Ján  |4 ill  |9 279204 
830 0 |a Erb  |9 276889 
850 |a Slovenská národná knižnica 
852 |a Slovenská národná knižnica 
954 |a beletria pôvodná (slovenská)  |2 lita 
958 |a RK 
958 |a TL 
958 |a LX 
958 |a OND 
999 |c 620719  |d 622649 
952 |t P60, <05>, [BOOK], {605}  |a SNK  |b SNK  |y PREZ  |7 0  |p 17A0031678  |o snkSD 52535 D1  |0 0  |1 0  |4 0  |d 1997-01-22  |l 0  |r 2004-12-31 00:00:00  |w 2026-02-23 
952 |a SNKLM  |b SNKLM  |y NEVYP  |7 0  |o snklmKK 454  |i snklm357/2001  |8 7  |0 0  |1 0  |4 0  |d 2006-04-10  |l 0  |r 2026-02-23 16:54:21  |w 2026-02-23 
952 |a SNKLM  |b SNKLM  |y NEVYP  |7 0  |o snklmMK 2790  |i snklm479/81  |8 3  |0 0  |1 0  |4 0  |d 2006-01-26  |l 0  |r 2026-02-23 16:54:21  |w 2026-02-23